| 000 | 00620nam a2200157 a 4500 | ||
|---|---|---|---|
| 001 | 000045055 | ||
| 005 | 20201002045836.0 | ||
| 008 | 150130s1973 ve ac 000 0 spa d | ||
| 040 |
_aDO-SdBNP _bspa _cBNPHU |
||
| 082 |
_axxxx _bxxxx |
||
| 100 | 1 |
_aCaldera, Rafael _920912 |
|
| 245 | 1 | 3 |
_aLa solidaridad pluralista de America Latina / _cRafael Caldera. |
| 260 |
_aCaracas, Venezuela : _bOficina Central de Información, _c1973. |
||
| 300 |
_a284 p. : _bil., retrs. ; _c25 cm. |
||
| 500 | _aDiscursos pronunciados por el Jefe del Estado venezolano en cada uno de los paises visitados durante su gira oficial en febrero de 1973. | ||
| 999 |
_c44544 _d44544 |
||